[Event "Rio de Janeiro Trompowsky Memorial"]
[Site "Rio de Janeiro"]
[Date "2015.12.08"]
[Round "1"]
[White "Bede, Arnaldo Gomes"]
[Black "Braga, Ubirani de Souza"]
[Result "1-0"]
[WhiteElo "2306"]
[BlackElo "2117"]
[PlyCount "41"]
[EventDate "2015.12.08"]
[EventType "tourn"]
[EventRounds "9"]
[EventCountry "BRA"]
[SourceTitle "EXT 2018"]
[Source "ChessBase"]
[SourceDate "2017.10.13"]
[SourceVersion "1"]
[SourceVersionDate "2017.10.13"]
[SourceQuality "1"]

1. e4 e5 2. Nf3 Nc6 3. d4 exd4 4. c3 dxc3 5. Nxc3 d6 6. Bc4 Nf6 7. Ng5 d5 8. exd5 Ne5 9. Qe2 Qe7 10. 0-0 h6 11. Nf3 Nxf3+ 12. Qxf3 Bg4 13. Qd3 0-0-0 14. Bf4 Nh5 15. Be3 b6 16. Rfe1 Qd7 17. a4 Kb8 18. a5 Bd6 19. axb6 cxb6 20. Nb5 Bf5 21. Qb3 1-0

[Event "Rio de Janeiro El Tronador 2nd"]
[Site "Rio de Janeiro"]
[Date "2015.07.15"]
[Round "6"]
[White "Borensztajn, David"]
[Black "Braga, Ubirani de Souza"]
[Result "1-0"]
[WhiteElo "2082"]
[BlackElo "2201"]
[PlyCount "83"]
[EventDate "2015.07.13"]
[EventType "tourn"]
[EventRounds "9"]
[EventCountry "BRA"]
[SourceTitle "EXT 2016"]
[Source "ChessBase"]
[SourceDate "2015.10.08"]
[SourceVersion "1"]
[SourceVersionDate "2015.10.08"]
[SourceQuality "1"]

1. Nf3 d5 2. b4 e6 3. a3 c5 4. bxc5 Bxc5 5. d4 Bd6 6. e3 Nf6 7. Bd3 b6 8. 0-0 Ba6 9. Bxa6 Nxa6 10. Qd3 Nc7 11. Nbd2 0-0 12. c4 Rc8 13. Bb2 Re8 14. Rac1 Bf8 15. Rc2 g6 16. Rfc1 Bg7 17. Ne5 dxc4 18. Rxc4 Qd6 19. Qc2 Nfd5 20. e4 Nf4 21. Rxc7 Rxc7 22. Qxc7 Bxe5 23. Qxd6 Bxd6 24. Rc6 Rd8 25. Nc4 Bc5 26. g3 Ne2+ 27. Kg2 Nxd4 28. Rc7 Nb5 29. Rb7 a6 30. a4 Nd6 31. Nxd6 Bxd6 32. Rxb6 Rb8 33. Rxd6 Rxb2 34. Rxa6 Kg7 35. h4 Kf6 36. a5 Ra2 37. Ra8 Ra3 38. a6 Ra2 39. a7 Ke5 40. Kf3 h6 41. Ke3 h5 42. f4+ 1-0

[Event "Rio de Janeiro Nezhmetdinov Memorial"]
[Site "Rio de Janeiro"]
[Date "2015.04.23"]
[Round "1"]
[White "Braga, Ubirani de Souza"]
[Black "Borensztajn, David"]
[Result "0-1"]
[WhiteElo "2202"]
[BlackElo "2031"]
[PlyCount "76"]
[EventDate "2015.04.23"]
[EventType "swiss"]
[EventRounds "7"]
[EventCountry "BRA"]
[SourceTitle "CBM 166 Extra"]
[Source "ChessBase"]
[SourceDate "2015.06.18"]
[SourceVersion "1"]
[SourceVersionDate "2015.06.18"]
[SourceQuality "1"]

1. d4 d5 2. c4 dxc4 3. e4 c5 4. d5 Nf6 5. Nc3 e6 6. Bxc4 exd5 7. Bxd5 Nxd5 8. Qxd5 Qxd5 9. Nxd5 Na6 10. a3 Bd6 11. Ne2 Bd7 12. Bf4 Bxf4 13. Nexf4 Bc6 14. 0-0 Bxd5 15. Nxd5 0-0-0 16. Rac1 Kb8 17. b4 b6 18. Rc2 Rhe8 19. f3 f5 20. b5 Nc7 21. Nxc7 Kxc7 22. exf5 Re3 23. Rcc1 Rxa3 24. Ra1 Rdd3 25. Rfe1 Rxa1 26. Rxa1 Kb7 27. Re1 Rd7 28. Kf1 a6 29. bxa6+ Kxa6 30. h4 c4 31. h5 h6 32. Rc1 b5 33. g4 Kb6 34. f4 Kc5 35. g5 hxg5 36. fxg5 Rd5 37. Ke2 Rxf5 38. h6 Rxg5 0-1

[Event "Rio de Janeiro Vaz Memorial 1st"]
[Site "Rio de Janeiro"]
[Date "2014.12.11"]
[Round "1"]
[White "Braga, Ubirani de Souza"]
[Black "Borensztajn, David"]
[Result "0-1"]
[WhiteElo "2234"]
[BlackElo "1882"]
[PlyCount "92"]
[EventDate "2014.12.11"]
[EventType "swiss"]
[EventRounds "7"]
[EventCountry "BRA"]
[SourceTitle "EXT 2018"]
[Source "ChessBase"]
[SourceDate "2017.10.13"]
[SourceVersion "1"]
[SourceVersionDate "2017.10.13"]
[SourceQuality "1"]

1. Nf3 d5 2. g3 e6 3. Bg2 Bd6 4. d4 f5 5. c4 c6 6. b3 Qe7 7. 0-0 Nf6 8. Nbd2 0-0 9. Ne5 Ne4 10. Bb2 Nxd2 11. Qxd2 Nd7 12. Nxd7 Bxd7 13. e3 b6 14. Rac1 a5 15. Bc3 Bc8 16. Rfe1 Bb7 17. Rb1 Rfc8 18. Qc2 Ba6 19. Rec1 Ra7 20. Bf3 c5 21. Qd1 dxc4 22. bxc4 cxd4 23. Bxd4 Bc5 24. Qa4 Rac7 25. Be5 Rd7 26. Rd1 Rcd8 27. h4 Rxd1+ 28. Rxd1 Rxd1+ 29. Bxd1 Kf7 30. Qb3 Qd7 31. Be2 Qc6 32. f3 Be7 33. Bd4 Bc5 34. Be5 Bd6 35. Bd4 Bxg3 36. h5 Bc7 37. Qb2 Bxc4 38. Bxc4 Qxc4 39. Bxg7 b5 40. Qf6+ Ke8 41. Qf8+ Kd7 42. Bb2 Bb6 43. Qf7+ Kc6 44. Qe8+ Kb7 45. Qd7+ Qc7 46. Qxe6 Qg3+ 0-1

[Event "Rio de Janeiro Jacome Memorial 2nd"]
[Site "Rio de Janeiro"]
[Date "2014.07.13"]
[Round "4.5"]
[White "Braga, Ubirani de Souza"]
[Black "Juer, Jayme Jacob E"]
[Result "1/2-1/2"]
[WhiteElo "2248"]
[BlackElo "2126"]
[PlyCount "48"]
[EventDate "2014.07.12"]
[EventType "swiss"]
[EventRounds "6"]
[EventCountry "BRA"]
[SourceTitle "CBM 161 Extra"]
[Source "ChessBase"]
[SourceDate "2014.08.29"]
[SourceVersion "1"]
[SourceVersionDate "2014.08.29"]
[SourceQuality "1"]

1. d4 Nf6 2. c4 c5 3. d5 d6 4. Nf3 g6 5. Nc3 Bg7 6. e4 0-0 7. Be2 e6 8. dxe6 fxe6 9. e5 dxe5 10. Qxd8 Rxd8 11. Nxe5 Nd5 12. cxd5 Bxe5 13. dxe6 Bxe6 14. 0-0 Nc6 15. Rd1 Rxd1+ 16. Bxd1 Nb4 17. a3 Nd3 18. Be2 c4 19. Bxd3 cxd3 20. Bd2 Bc4 21. Re1 Bf6 22. Re4 Rc8 23. Kf1 Kf7 24. a4 a6 1/2-1/2

[Event "Rio de Janeiro Jacome Memorial 2nd"]
[Site "Rio de Janeiro"]
[Date "2014.07.13"]
[Round "3.2"]
[White "Violla Cunha, Mario"]
[Black "Braga, Ubirani de Souza"]
[Result "1-0"]
[WhiteElo "2301"]
[BlackElo "2248"]
[PlyCount "51"]
[EventDate "2014.07.12"]
[EventType "swiss"]
[EventRounds "6"]
[EventCountry "BRA"]
[SourceTitle "CBM 161 Extra"]
[Source "ChessBase"]
[SourceDate "2014.08.29"]
[SourceVersion "1"]
[SourceVersionDate "2014.08.29"]
[SourceQuality "1"]

1. e4 e5 2. Nf3 Nc6 3. Bb5 a6 4. Ba4 Nf6 5. d4 b5 6. Bb3 exd4 7. e5 Ne4 8. 0-0 Nc5 9. Nxd4 Nxb3 10. axb3 Bc5 11. Nxc6 dxc6 12. Qf3 Qd7 13. Rd1 Qe6 14. Nc3 0-0 15. h3 Qf5 16. Bf4 g5 17. Ne4 Qxf4 18. Qxf4 gxf4 19. Nxc5 Re8 20. b4 Rxe5 21. Rd8+ Kg7 22. Nd3 Rf5 23. Re1 Bb7 24. Rxa8 Bxa8 25. Re8 Bb7 26. Rb8 1-0

[Event "Natal-ch"]
[Site "Mangaratiba"]
[Date "2009.12.28"]
[Round "2.1"]
[White "Braga, Ubirani de Souza"]
[Black "Cunha, Eduardo Arruda da G"]
[Result "1/2-1/2"]
[WhiteElo "2144"]
[BlackElo "2289"]
[PlyCount "156"]
[EventDate "2009.12.28"]
[EventType "swiss"]
[EventRounds "7"]
[EventCountry "BRA"]
[SourceTitle "EXT 2022"]
[Source "ChessBase"]
[SourceDate "2021.10.06"]
[SourceVersion "1"]
[SourceVersionDate "2021.10.06"]
[SourceQuality "1"]

1. e4 c5 2. Nf3 d6 3. d4 cxd4 4. Nxd4 Nf6 5. Nc3 a6 6. Bg5 e6 7. f4 Be7 8. Qf3 Qc7 9. 0-0-0 Nbd7 10. Bd3 b5 11. Rhe1 Bb7 12. Nd5 exd5 13. Nf5 Kf8 14. Qg3 dxe4 15. Bxe4 Bxe4 16. Rxe4 Qc5 17. Bh6 Nxe4 18. Qxg7+ Ke8 19. Qxh8+ Nf8 20. Bxf8 Bxf8 21. Qxh7 Rc8 22. Nd4 d5 23. Kb1 Rc7 24. Qh8 b4 25. g3 Kd8 26. Re1 Kd7 27. Re3 a5 28. Ka1 Be7 29. Qh3+ Kd8 30. Qh8+ Kd7 31. Qh3+ Kd6 32. Nf5+ Kc6 33. Nxe7+ Rxe7 34. Qc8+ Kb6 35. Qb8+ Ka6 36. Re1 Qxc2 37. Qa8+ Ra7 38. Qxd5 Rc7 39. Qa8+ Kb6 40. Qb8+ Kc6 41. Qe8+ Kb6 42. Qb8+ Rb7 43. Qd8+ Kc6 44. Qe8+ Rd7 45. Qc8+ Rc7 46. Qe8+ Kd6 47. Qe5+ Kd7 48. Qf5+ Kd8 49. Qxa5 Kd7 50. Qf5+ Kd6 51. Qe5+ Kd7 52. Qf5+ Kd8 53. Qa5 Qc6 54. a3 b3 55. g4 Nd6 56. h4 Kd7 57. Rb1 Qc5 58. Qa4+ Qb5 59. Qxb5+ Nxb5 60. h5 Ke6 61. Rh1 f6 62. g5 fxg5 63. fxg5 Kf5 64. g6 Kg5 65. a4 Nd6 66. g7 Rxg7 67. Rg1+ Kh6 68. Rxg7 Kxg7 69. a5 Kh6 70. a6 Nb5 71. Kb1 Kxh5 72. Kc1 Kg4 73. Kd2 Kf4 74. Kd3 Ke5 75. Kc4 Nc7 76. a7 Kd6 77. Kxb3 Kc5 78. Ka4 Kb6 1/2-1/2